Statistics for A Quiz About Crosses

Click here to take the quiz!

General Stats

  • This quiz has been taken 9,736 times
  • The average score is 13 of 20

Answer Stats

HintAnswer% Correct
Puzzle that appears in many a newspaperCrossword
97%
The Roman punishment of nailing someone to the crossCrucifixion
96%
International humanitarian relief group founded at the first Geneva Convention{Red} Cross
89%
Weapon that fires bolts instead of arrowsCrossbow
86%
(verb) To wear the garments of a different genderCrossdress
85%
Long distance skiing event at the OlympicsCross-country
80%
Series of wars in which Europeans "took the cross" and tried to conquer the Holy LandThe Crusades
77%
(verb) To interrogate the opposing side's witness during a trialCross-examine
72%
Most well-known German military medal in the World Wars{Iron} Cross
72%
British name for a pedestrian crossing (Hint: an animal){Zebra} Crossing
71%
Constellation that appears on the flags of Australia, New Zealand, etc...{Southern} Cross
70%
Saint whose cross appears on the flag of EnglandSt. George
64%
The Latin word for crossCrux
63%
The cross on which Jesus was executed{True} Cross
60%
Considered history's first pope, he was executed on an upside-down crossSt. Peter
58%
First Christian emperor of Rome whose mother Helena supposedly
located the above
Constantine
50%
Cross design used on the flags of Norway, Sweden, Denmark, etc...{Nordic} Cross
48%
Highest military medal in the United Kingdom{Victoria} Cross
47%
The name for this ancient Egyptian symbol: Ankh
39%
The name for this typographical symbol: Dagger
24%

Score Distribution

Percentile by Number Answered

Percent of People with Each Score

Your Score History

You have not taken this quiz